Transport in Scotland (Record no. 112335)
[ view plain ]
| 000 -LEADER | |
|---|---|
| fixed length control field | 00954cad a22002175a 4500 |
| 001 - CONTROL NUMBER | |
| control field | E153023 |
| 008 - FIXED-LENGTH DATA ELEMENTS--GENERAL INFORMATION | |
| fixed length control field | 110524e20110523xxka f s000 0 eng d |
| 035 ## - SYSTEM CONTROL NUMBER | |
| System control number | (Sirsi) u153024 |
| 041 0# - LANGUAGE CODE | |
| Language code of text/sound track or separate title | eng |
| 100 1# - MAIN ENTRY--PERSONAL NAME | |
| Personal name | Rehfisch, Alan |
| 245 04 - TITLE STATEMENT | |
| Title | Transport in Scotland |
| Medium | [electronic resource] |
| 260 ## - PUBLICATION, DISTRIBUTION, ETC. | |
| Place of publication, distribution, etc. | Edinburgh |
| Name of publisher, distributor, etc. | Scottish Parliament |
| Date of publication, distribution, etc. | 2011 |
| 490 #0 - SERIES STATEMENT | |
| Series statement | SPICe Briefing |
| Volume/sequential designation | (11/34) 23 May 2011 |
| 520 ## - SUMMARY, ETC. | |
| Summary, etc. | Discusses various forms of transport in Scotland, including walking, cycling, road, rail, air, bus, water and freight. Looks at the legislation and policy relating to transport, highlights relevant organisations, and analyses current issues. |
| 521 ## - TARGET AUDIENCE NOTE | |
| Target audience note | Advanced |
| 590 ## - LOCAL NOTE (RLIN) | |
| Local note | KA |
| 651 #4 - SUBJECT ADDED ENTRY--GEOGRAPHIC NAME | |
| Geographic name | Scotland |
| Chronological subdivision | 1999- |
| 690 ## - LOCAL SUBJECT ADDED ENTRY--TOPICAL TERM (OCLC, RLIN) | |
| Topical term or geographic name as entry element | PROPERTY-INFRASTRUCTURE-TRANSPORT INFRASTRUCTURE |
| 856 40 - ELECTRONIC LOCATION AND ACCESS | |
| Uniform Resource Identifier | <a href="https://www.scottish.parliament.uk/business/research/briefings-11/SB11-34.pdf">https://www.scottish.parliament.uk/business/research/briefings-11/SB11-34.pdf</a> |
| Public note | View the briefing free of charge at www.scottish.parliament.uk |
| 942 ## - ADDED ENTRY ELEMENTS (KOHA) | |
| Suppress in OPAC | 0 |
| Withdrawn status | Lost status | Source of classification or shelving scheme | Damaged status | Not for loan | Home library | Current library | Shelving location | Date acquired | Total Checkouts | Full call number | Barcode | Date last seen | Copy number | Price effective from | Koha item type |
|---|---|---|---|---|---|---|---|---|---|---|---|---|---|---|---|
| Dewey Decimal Classification | Virtual | Virtual | Online | 24/05/2011 | ONLINE PUBLICATION | 153024-1001 | 06/08/2019 | 1 | 06/08/2019 | Book |